书目信息 |
| 题名: |
梅与画梅
|
|
| 作者: | 彭桂颖, , 马乐, , 马乐 , 彭桂颖 编著 | |
| 分册: | ||
| 出版信息: | 北京 人民美术出版社 2012.04 |
|
| 页数: | 139页 | |
| 开本: | 29cm | |
| 丛书名: | ||
| 单 册: | ||
| 中图分类: | S685.17 , J212.27 , S685 | |
| 科图分类: | ||
| 主题词: | 梅花--mei hua--文化--中国 , 梅花--mei hua--花卉画--国画技法 , 古典诗歌--gu dian shi ge--诗集--中国 | |
| 电子资源: | ||
| ISBN: | 978-7-102-05958-7 | |
| 000 | 01080nam0 2200325 450 | |
| 001 | 2331403878 | |
| 005 | 20231125084341.19 | |
| 010 | @a978-7-102-05958-7@dCNY58.00 | |
| 100 | @a20120613d2012 em y0chiy50 ea | |
| 101 | 0 | @achi |
| 102 | @aCN@b110000 | |
| 105 | @aa a 000yy | |
| 200 | 1 | @a梅与画梅@Amei yu hua mei@f彭桂颖,马乐编著 |
| 210 | @a北京@c人民美术出版社@d2012.04 | |
| 215 | @a139页@c彩图@d29cm | |
| 314 | @a封面题: 彭桂颖, 马乐编著 | |
| 320 | @a有书目 (第139页) | |
| 330 | @a本书共分为梅花概述、画梅花、名家与名作、历代咏梅诗与题梅花作品诗四章, 主要内容包括: 梅花栽种的历史、梅花的种类、梅花的文化、临摹画梅花等。 | |
| 606 | 0 | @a梅花@Amei hua@x文化@y中国 |
| 606 | 0 | @a梅花@Amei hua@x花卉画@x国画技法 |
| 606 | 0 | @a古典诗歌@Agu dian shi ge@x诗集@y中国 |
| 690 | @aS685.17@v5 | |
| 690 | @aJ212.27@v5 | |
| 690 | @aS685@v4 | |
| 701 | 0 | @a彭桂颖,@Apeng gui ying@f1965-@4编著 |
| 701 | 0 | @a马乐,@Ama le@f1981-@4编著 |
| 701 | 0 | @a马乐@Ama le@4编著 |
| 701 | 0 | @a彭桂颖@Apeng gui ying@4编著 |
| 801 | 0 | @aCN@bRENTIAN@c20120613 |
| 905 | @aBZT@dS685@e8 | |
| 梅与画梅/彭桂颖,马乐编著.-北京:人民美术出版社,2012.04 |
| 139页:彩图;29cm |
| ISBN 978-7-102-05958-7:CNY58.00 |
| 本书共分为梅花概述、画梅花、名家与名作、历代咏梅诗与题梅花作品诗四章, 主要内容包括: 梅花栽种的历史、梅花的种类、梅花的文化、临摹画梅花等。 |
| ● |
| 相关链接 |
|
|
|
正题名:梅与画梅
索取号:S685/8
 
预约/预借
| 序号 | 登录号 | 条形码 | 馆藏地/架位号 | 状态 | 备注 |
| 1 | 2001078972 | 2001078972 | 东辅楼二楼书库/ [索取号:S685/8] | 在馆 | |
| 2 | 2001078973 | 2001078973 | 东辅楼二楼书库/ [索取号:S685/8] | 在馆 | |
| 3 | 2001078974 | 2001078974 | 东辅楼二楼书库/ [索取号:S685/8] | 在馆 | |
| 4 | 2001078975 | 2001078975 | 东辅楼二楼书库/ [索取号:S685/8] | 在馆 | |
| 5 | 2001078976 | 2001078976 | 东辅楼二楼书库/ [索取号:S685/8] | 在馆 | |
| 6 | 2001078977 | 2001078977 | 东辅楼二楼书库/ [索取号:S685/8] | 在馆 | |
| 7 | 2001078978 | 2001078978 | 东辅楼二楼书库/ [索取号:S685/8] | 在馆 | |
| 8 | 2001078979 | 2001078979 | 东辅楼二楼书库/ [索取号:S685/8] | 在馆 | |
| 9 | 2001078980 | 2001078980 | 东辅楼二楼书库/ [索取号:S685/8] | 在馆 | |
| 10 | 2001078981 | 2001078981 | 东辅楼二楼书库/ [索取号:S685/8] | 在馆 | |
| 11 | 2001078982 | 2001078982 | 东辅楼二楼书库/ [索取号:S685/8] | 在馆 | |
| 12 | 2001078983 | 2001078983 | 东辅楼二楼书库/ [索取号:S685/8] | 在馆 | |
| 13 | 2001078984 | 2001078984 | 东辅楼二楼书库/ [索取号:S685/8] | 在馆 | |
| 14 | 2001078985 | 2001078985 | 东辅楼二楼书库/ [索取号:S685/8] | 在馆 | |
| 15 | 2001078986 | 2001078986 | 东辅楼二楼书库/ [索取号:S685/8] | 在馆 | |
| 16 | 2001078987 | 2001078987 | 东辅楼二楼书库/ [索取号:S685/8] | 在馆 | |
| 17 | 2001078988 | 2001078988 | 东辅楼二楼书库/ [索取号:S685/8] | 在馆 | |
| 18 | 2001078989 | 2001078989 | 东辅楼二楼书库/ [索取号:S685/8] | 在馆 | |
| 19 | 2001078990 | 2001078990 | 东辅楼二楼书库/ [索取号:S685/8] | 在馆 | |
| 20 | 2001078991 | 2001078991 | 东辅楼二楼书库/ [索取号:S685/8] | 在馆 | |
| 21 | 2001078992 | 2001078992 | 东辅楼二楼书库/ [索取号:S685/8] | 在馆 | |
| 22 | 2001078993 | 2001078993 | 东辅楼二楼书库/ [索取号:S685/8] | 在馆 | |
| 23 | 2001078994 | 2001078994 | 东辅楼二楼书库/ [索取号:S685/8] | 在馆 | |
| 24 | 2001078995 | 2001078995 | 东辅楼二楼书库/ [索取号:S685/8] | 在馆 | |
| 25 | 2001078996 | 2001078996 | 东辅楼二楼书库/ [索取号:S685/8] | 在馆 | |
| 26 | 2001078997 | 2001078997 | 东辅楼二楼书库/ [索取号:S685/8] | 在馆 | |
| 27 | 2001078998 | 2001078998 | 东辅楼二楼书库/ [索取号:S685/8] | 在馆 | |
| 28 | 2001078999 | 2001078999 | 东辅楼二楼书库/ [索取号:S685/8] | 在馆 | |
| 29 | 2001079000 | 2001079000 | 东辅楼二楼书库/ [索取号:S685/8] | 在馆 | |
| 30 | 2001079001 | 2001079001 | 东辅楼二楼书库/ [索取号:S685/8] | 在馆 |